Detalles MARC
| 000 -LÍDER |
| Campo fijo de descripción fija |
00993aam a2200313 4500 |
| 001 - NÚMERO DE CONTROL |
| Campo de control |
19105 |
| 003 - IDENTIFICADOR DEL NÚMERO DE CONTROL |
| Campo de control |
CO-MdFUSB |
| 005 - FECHA Y HORA DE LA ULTIMA TRANSACCIÓN |
| control field |
20180622170011.0 |
| 008 - ELEMENTOS DE LONGITUD FIJA -- INFORMACIÓN GENERAL |
| Campo fijo de descripción fija -- Información general |
170302s19981996ie ||||g |||| 00| 0 eng d |
| 020 ## - NÚMERO INTERNACIONAL NORMALIZADO PARA LIBROS |
| Número Internacional Normalizado del libro |
1-871552-60-5 |
| 040 ## - FUENTE DE CATALOGACIÓN |
| Agencia de catalogación original |
CO-MdFUSB |
| Idioma de catalogación |
spa |
| Agencia que realiza la transcripción |
CO-MdFUSB |
| Agencia que realiza la modificación |
CO-MdFUSB |
| Convenciones de la descripción |
rda |
| 041 ## - CÓDIGO DE IDIOMA |
| Código de idioma para texto/pista de sonido o título separado |
eng |
| 082 ## - NÚMERO DE CLASIFICACIÓN DECIMAL DEWEY |
| Número de la edición del Dewey |
24 |
| Número de clasificación |
G 262.52 |
| Clave de autor-Numero de item |
V345v |
| 100 1# - ASIENTO PRINCIPAL--NOMBRE PERSONAL |
| Nombre personal |
Flannery, Austin., (Editor) |
| 245 10 - TÍTULO |
| Título del Material |
Vatican Council |
| Parte restante del título - Subtitulo |
: The conciliar and postconciliar documents |
| Mención de responsabilidad, etc. |
/ Austin Flannery (Editor General) |
| Número de parte o sección de la obra |
II |
| 264 #1 - PRODUCCIÓN, PUBLICACIÓN, DISTRIBUCIÓN, MANUFACTURA, Y COPYRIGHT |
| Lugar de producción, publicación, distribución, manufactura |
Dublin, Ireland : |
| Nombre del productor, publicador, distribuidor |
Dominican Publications, |
| Fecha de producción, publicación, distribución, manufactura, o copyright |
℗1998 |
| 264 #4 - PRODUCCIÓN, PUBLICACIÓN, DISTRIBUCIÓN, MANUFACTURA, Y COPYRIGHT |
| Fecha de producción, publicación, distribución, manufactura, o copyright |
©1996 |
| 300 ## - DESCRIPCIÓN FÍSICA |
| Extensión |
xxiv, 1036 páginas |
| Otros detalles físicos |
: |
| Dimensiones |
; |
| 336 ## - TIPO DE CONTENIDO |
| Fuente |
rdacontent |
| Término de tipo de contenido |
|
| Código de tipo de contenido |
|
| 337 ## - TIPO DE MEDIO |
| Fuente |
rdamedia |
| Nombre del tipo de medio |
|
| Código del tipo de medio |
|
| 338 ## - TIPO DE SOPORTE |
| Fuente |
rdacarrier |
| Nombre del tipo de soporte |
|
| Código Tipo de soporte |
|
| 490 4# - MENCIÓN DE SERIE |
| Mención de serie |
The Vatican Collection |
| 501 ## - NOTA DE “CON” |
| Nota de Contenido |
Incluye indice (páginas. 1017- 1036) |
| 505 02 - NOTA DE CONTENIDO |
| Nota de contenido con formato preestablecido |
Los documentos del concilio vaticano II |
| 563 ## - NOTA DE ENCUADERNACIÓN |
| Nota de encuadernación |
Rústico |
| 650 #7 - ASIENTO SECUNDARIO DE MATERIA - TERMINO TEMÁTICO |
| 9 (RLIN) |
41 |
| Término temático o nombre geográfico como elemento de entrada |
Clero -- |
| Término temático que sigue al nombre geográfico como elemento de entrada |
Actividad política |
| 942 ## - TIPO DE MATERIAL (KOHA) |
| Tipo de Item KOHA |
Libros General |